Softvérový sprievodca čerpaním finančných prostriedkov z fondov EÚ a z programov štátnej podpory SR

Uložené v:
Podrobná bibliografia
Médium: Seriál
Tagy: Pridať tag
Žiadne tagy, Buďte prvý, kto otaguje tento záznam!

MARC

LEADER 00000nas a22000003a 4500
001 stu116953
005 20141122135454.4
008 060428s--------------------------------d
040 |a STU  |b slo 
041 0
245 |a Softvérový sprievodca čerpaním finančných prostriedkov z fondov EÚ a z programov štátnej podpory SR 
773 0 |t Softvérový sprievodca čerpaním finančných prostriedkov z fondov EÚ a z programov štátnej podpory SR :  |w stu_us_cat*stu97468  |x 1336-6300  |7 nnas 
996 |b 284M072916  |c M*CD-817  |d apríl 2006  |v apríl 2006  |l MMKN  |s A  |a 24  |w stu116953_0001